[Event "Manikyanagar Chanchal Dad Memorial"]
[Site "Manikyanagar"]
[Date "2024.07.28"]
[Round "9"]
[White "Prithvi, Sharma"]
[Black "Chudasama, Ankit"]
[Result "1/2-1/2"]
[WhiteElo "1849"]
[BlackElo "1767"]
[PlyCount "95"]
[EventDate "2024.07.24"]
[EventType "swiss"]
[EventRounds "9"]
[EventCountry "IND"]
[SourceTitle "EXT 2025"]
[Source "ChessBase"]
[SourceDate "2024.10.14"]
[SourceVersion "1"]
[SourceVersionDate "2024.10.14"]
[SourceQuality "1"]

1. e4 c5 2. c3 d5 3. exd5 Qxd5 4. d4 g6 5. Nf3 Bg7 6. dxc5 Qxc5 7. Be3 Qc7 8. Be2 Nh6 9. Bxh6 Bxh6 10. Qd4 0-0 11. 0-0 Nc6 12. Qh4 Bg7 13. Na3 a6 14. Nc4 b5 15. Ne3 e6 16. Rfd1 Bb7 17. Ng4 Rad8 18. Nh6+ Bxh6 19. Qxh6 f6 20. Qe3 e5 21. a4 Rxd1+ 22. Bxd1 Ne7 23. axb5 axb5 24. Bb3+ Kg7 25. Qe2 Bc6 26. Nd2 Rd8 27. Rd1 Qb7 28. f3 Bd5 29. Bc2 Be6 30. Ne4 Rxd1+ 31. Qxd1 Qb6+ 32. Kh1 Bd5 33. Qg1 Qc6 34. Qc5 Kf7 35. Qxc6 Bxc6 36. Bb3+ Kg7 37. Nc5 f5 38. c4 Kf6 39. Kg1 h5 40. Kf2 g5 41. Nd3 e4 42. Nb4 bxc4 43. Nxc6 Nxc6 44. Bxc4 exf3 45. Bd5 Nb4 46. Bxf3 g4 47. Be2 Ke5 48. h3 1/2-1/2

[Event "New Delhi Matrix op 3rd"]
[Site "New Delhi"]
[Date "2024.04.10"]
[Round "9"]
[White "Prithvi, Sharma"]
[Black "Shreyash, Singh"]
[Result "0-1"]
[WhiteElo "1858"]
[BlackElo "1853"]
[PlyCount "100"]
[EventDate "2024.04.06"]
[EventType "swiss"]
[EventRounds "9"]
[EventCountry "IND"]
[SourceTitle "CBM 219 Extra"]
[Source "ChessBase"]
[SourceDate "2024.05.31"]
[SourceVersion "1"]
[SourceVersionDate "2024.05.31"]
[SourceQuality "1"]

1. e4 c6 2. d4 d5 3. exd5 cxd5 4. Bd3 Nc6 5. c3 Qc7 6. h3 Nf6 7. Nf3 g6 8. 0-0 Bf5 9. Re1 Bxd3 10. Qxd3 Bg7 11. Be3 0-0 12. Nbd2 Rac8 13. g3 Nh5 14. Kg2 Rcd8 15. Nb3 b6 16. Qd2 Rfe8 17. Rad1 Qb7 18. Re2 Nf6 19. Rde1 Ne4 20. Qc2 e6 21. Nfd2 Nxd2 22. Qxd2 Qa6 23. Nc1 Na5 24. b3 Rc8 25. Nd3 Qb7 26. Kh2 Nc6 27. Bh6 Bh8 28. h4 Ne7 29. h5 Nf5 30. hxg6 hxg6 31. Bf4 Qc6 32. Rc1 Bg7 33. Ne5 Qb5 34. Ree1 g5 35. g4 Nd6 36. Bg3 f6 37. Nf3 Ne4 38. Qb2 f5 39. a4 Qc6 40. Rxe4 dxe4 41. Ne5 Qb7 42. Nc4 f4 43. Nd6 fxg3+ 44. fxg3 Qd5 45. Nxe8 Rxe8 46. Rd1 Rf8 47. c4 Qd6 48. Qd2 Rf3 49. Rg1 e3 50. Qe1 Qxd4 0-1